Who wasn't US-President? Tile Select - Statistics

General Stats
  • This quiz has been taken 681 times
  • The average score is 66 of 80
Answer Stats
Question Tile Select % Correct
Non-Presidents No
100%
Non-Presidents No
100%
Non-Presidents No
99%
Non-Presidents No
98%
Non-Presidents No
97%
Non-Presidents No
95%
Non-Presidents Yes
94%
Non-Presidents No
93%
Non-Presidents No
93%
Non-Presidents No
93%
Non-Presidents No
93%
Non-Presidents Yes
92%
Non-Presidents No
92%
Non-Presidents Yes
92%
Non-Presidents No
92%
Non-Presidents No
92%
Non-Presidents No
91%
Non-Presidents No
91%
Non-Presidents No
91%
Non-Presidents No
91%
Non-Presidents No
90%
Non-Presidents No
90%
Non-Presidents Yes
90%
Non-Presidents No
90%
Non-Presidents No
90%
Non-Presidents No
90%
Non-Presidents Yes
89%
Non-Presidents Yes
89%
Non-Presidents No
89%
Non-Presidents No
89%
Non-Presidents Yes
89%
Non-Presidents No
89%
Non-Presidents Yes
88%
Non-Presidents Yes
88%
Non-Presidents No
88%
Non-Presidents Yes
88%
Non-Presidents No
87%
Non-Presidents Yes
87%
Non-Presidents No
86%
Non-Presidents No
86%
Non-Presidents No
86%
Non-Presidents No
86%
Non-Presidents Yes
86%
Non-Presidents Yes
86%
Non-Presidents Yes
85%
Non-Presidents Yes
85%
Non-Presidents Yes
85%
Non-Presidents Yes
84%
Non-Presidents Yes
84%
Non-Presidents Yes
83%
Non-Presidents No
83%
Non-Presidents Yes
82%
Non-Presidents No
82%
Non-Presidents No
82%
Non-Presidents No
82%
Non-Presidents No
81%
Non-Presidents Yes
79%
Non-Presidents Yes
79%
Non-Presidents No
79%
Non-Presidents No
78%
Non-Presidents No
78%
Non-Presidents Yes
78%
Non-Presidents Yes
77%
Non-Presidents Yes
77%
Non-Presidents Yes
75%
Non-Presidents No
74%
Non-Presidents No
73%
Non-Presidents Yes
72%
Non-Presidents Yes
71%
Non-Presidents Yes
71%
Non-Presidents Yes
70%
Non-Presidents Yes
67%
Non-Presidents Yes
66%
Non-Presidents Yes
64%
Non-Presidents Yes
63%
Non-Presidents No
58%
Non-Presidents No
55%
Non-Presidents No
52%
Non-Presidents No
50%
Non-Presidents Yes
34%
No matching quizzes found
Score Distribution
Percent of People with Each Score
Percentile by Number Answered
Your Score History
You have not taken this quiz